Pays par anecdote - Statistiques

Statistiques générales
  • Ce quiz a été pris 219 fois
    144 depuis la dernière actualisation
  • Le résultat moyen est 10 sur 20
Statistiques - réponses
Hint Réponse % Correct
Le seul au monde à avoir une feuille d’érable sur son drapeau Canada
99%
Le plus peuplé Inde
90%
Berceau de la démocratie et des Jeux Olympiques Grèce
87%
Plus grand producteur de café au monde Brésil
76%
Plus grand exportateur de fleurs au monde, notamment de tulipes Pays-Bas
73%
Le seul au monde à avoir une ville construite sur deux continents, l’Europe et l’Asie Turquie
73%
Plus grand exportateur de pétrole au monde Arabie Saoudite
71%
Plus grand archipel du monde avec plus de 17 000 îles Indonésie
70%
Plus grand producteur de thé au monde Chine
63%
Ces pays alpins peuvent être traversés à pied en une journée Liechtenstein/Monaco
60%
Un château de ce pays a inspiré le château de la Belle au bois dormant de Disney Allemagne
55%
Plus grand exportateur de chocolat au monde Suisse
46%
Paysages utilisés dans “Le Seigneur des Anneaux”. Nouvelle-Zélande
45%
Population la moins dense au monde Mongolie
30%
Abrite le plus grand désert de sel au monde Bolivie
26%
La capitale européennes des grottes se trouve dans ce pays Espagne
24%
Il n’y a pas de fourmis indigènes dans ce pays Islande
15%
Il existe un village où les poupées dépassent en nombre les habitants Japon
15%
Le plus propre au monde Danemark
14%
Plus grand producteur de diamants au monde Botswana
12%
Aucun quiz correspondant
Distribution des résultats
% des personnes avec chaque résultat
Percentile par nombre de réponses
Votre historique - résultats
Vous n’avez pas pris ce quiz depuis la dernière actualisation